000 00845nam a2200181Ia 4500
008 100921s9999 xx 000 0 und d
082 _b27425
_a320 थ 95
100 _aपालखीवाला नानी,अनु,वाळिंबे वि.स.
245 _aवुइ,दि नेशन वाया गेलेली वर्षे.
260 _bमेहता प्रकाशन, पुणे.
_c1995
300 _a296
_bरसिक साहित्य,पुणे
365 _b200
520 _aस.शा.राज्यशास्त्र.
630 _aवुइ,दि नेशन वाया गेलेली वर्षे.
650 _aस.शा.राज्यशास्त्र.
730 _aवुइ,दि नेशन वाया गेलेली वर्षे.
942 _cBOOK
999 _c776538
_d776535